000 00385nam a22001457a 4500
999 _c256734
_d256733
003 OSt
005 20180228102543.0
008 180228b xxu||||| |||| 00| 0 eng d
020 _a978-023023528-1
040 _cN/a
100 _aScarlett Cornelissen
245 _aAfrica and international relations in the 21st Century
260 _aUSA
_bPalgrave Macmillan
_c2012
942 _2lcc
_cBK